| 000 | 00549nam a22001817a 4500 | ||
|---|---|---|---|
| 003 | CEME | ||
| 005 | 20210628210632.0 | ||
| 008 | 210210b xxu||||| |||| 00| 0 eng d | ||
| 020 | _a0-07-290682-5 | ||
| 040 | _c. | ||
| 082 | _a004.678 GRE | ||
| 100 |
_aGreenlaw, Raymond Hepp, Ellen _980283 |
||
| 245 | _aIn-line on-line fundamentals of the internet and the world wide web | ||
| 260 |
_aBOSTAN _bMCGRAW HILL _c1999 |
||
| 300 | _a545P | ||
| 650 |
_aINTERNET-COMPUTER NETWORK WORLD WIDE WEB-INFORMATION RETRIEVAL SYSTEM _980284 |
||
| 942 |
_cBK _2ddc |
||
| 999 |
_c585225 _d585225 |
||